| 000 | 00472pab a2200169 454500 | ||
|---|---|---|---|
| 008 | 180718b1998 xxu||||| |||| 00| 0 eng d | ||
| 100 | _aVyas, V.S. | ||
| 245 | _aAssessment of environmental policies and policy implementation in India | ||
| 260 | _c1998 | ||
| 300 | _ap.48-54 | ||
| 362 | _a10 Jan | ||
| 650 | _aEnvironmental policy - India | ||
| 650 | _aEnvironmental policy | ||
| 700 | _aRatna Reddy, V. | ||
| 773 | _aEconomic and Political Weekly | ||
| 909 | _a36961 | ||
| 999 |
_c36961 _d36961 |
||